书目信息 |
| 题名: |
笔锋胜剑
|
|
| 作者: | 斯特雷特马特 著 ;陈继静 译 | |
| 分册: | ||
| 出版信息: | 北京 新华出版社 2016 |
|
| 页数: | 337页 | |
| 开本: | 21cm | |
| 丛书名: | ||
| 单 册: | ||
| 中图分类: | G219.712.9 , K712.09 | |
| 科图分类: | ||
| 主题词: | 新闻事业史--xin wen shi ye shi--研究--美国 | |
| 电子资源: | ||
| ISBN: | 978-7-5166-2702-0 | |
| 000 | 01401nam0 22003131 450 | |
| 001 | 0120082302 | |
| 005 | 20170320082302.0 | |
| 010 | @a978-7-5166-2702-0@b精装@dCNY58.00 | |
| 100 | @a20170120d2016 em y0chiy50 ea | |
| 101 | 1 | @achi@ceng@ieng |
| 102 | @aCN@b110000 | |
| 105 | @aa z 000yy | |
| 106 | @ar | |
| 200 | 1 | @a笔锋胜剑@9bi feng sheng jian@dMightier than the sword@e新闻媒体如何塑造美国历史@e插图本@f(美)罗杰·斯特雷特马特著@g陈继静译@zeng |
| 210 | @a北京@c新华出版社@d2016 | |
| 215 | @a337页@d21cm | |
| 305 | @a据原书第4版译出 | |
| 312 | @a版权页英文题名:Mightier than the sword: how the news media have shaped American | |
| 330 | @a本书考察了新闻媒体对美国历史与政治的影响,选取了16个里程碑式的历史片段,从独立战争到民权运动,直到今天的奥巴马执政时期。这些案例研究揭示,新闻媒体具有强大的作用,不仅如实记录了国家的历史,而且积极地塑造了它。 | |
| 510 | 1 | @aMightier than the sword@ehow the news media have shaped American@zeng |
| 517 | 1 | @a新闻媒体如何塑造美国历史@9xin wen mei ti ru he su zao mei guo li shi |
| 606 | 0 | @a新闻事业史@9xin wen shi ye shi@x研究@y美国 |
| 607 | @a美国@Amei guo@x历史@j普及读物 | |
| 690 | @aG219.712.9@v5 | |
| 690 | @aK712.09@v5 | |
| 701 | 0 | @c(美)@a斯特雷特马特@9si te lei te ma te@c(Rodger, Streitmatter)@4著 |
| 702 | 0 | @a陈继静@9chen ji jing@c(新闻)@4译 |
| 801 | 0 | @aCN@bTANGWEI@c20170308 |
| 905 | @b0957591-3@dG219.712.9@e669@f3 | |
| 笔锋胜剑=Mightier than the sword:新闻媒体如何塑造美国历史:插图本/(美)罗杰·斯特雷特马特著/陈继静译.-北京:新华出版社,2016 |
| 337页;21cm |
| ISBN 978-7-5166-2702-0(精装):CNY58.00 |
| 本书考察了新闻媒体对美国历史与政治的影响,选取了16个里程碑式的历史片段,从独立战争到民权运动,直到今天的奥巴马执政时期。这些案例研究揭示,新闻媒体具有强大的作用,不仅如实记录了国家的历史,而且积极地塑造了它。 |
| ● |
| 相关链接 |
|
|
|
|
正题名:笔锋胜剑
索取号:G219.712.9/669
 
预约/预借
| 序号 | 登录号 | 条形码 | 馆藏地/架位号 | 状态 | 备注 |
| 1 | 0957591 | 209575912 | 第一样本阅览室/ [索取号:G219.712.9/669] | 在馆 | |
| 2 | 0957592 | 209575921 | 第四借阅区/ [索取号:G219.712.9/669] | 在馆 | |
| 3 | 0957593 | 209575930 | 第四借阅区/ [索取号:G219.712.9/669] | 在馆 |